| 000 | 00479cam a2200193 4500 | ||
|---|---|---|---|
| 001 | D982 | ||
| 008 | 090401t1975 xxu||||| |||| 00| 0 eng d | ||
| 035 | _a(Sirsi) u49184 | ||
| 041 | _aeng | ||
| 050 | _a692.8 | ||
| 110 |
_aAqua Group _9865 |
||
| 245 | _aContract administration for architects and quantity surveyors | ||
| 250 | _a3rd | ||
| 260 |
_aLondon _bCrosby Lockwood Staples _c1975 |
||
| 300 | _avii. 87p. 26cm | ||
| 350 | _a3.75 | ||
| 942 | _n0 | ||
| 948 | _c04/03/1997 | ||
| 999 |
_c92514 _d92514 |
||